| 000 | 00802nam a2200265Ia 4500 | ||
|---|---|---|---|
| 003 | OSt | ||
| 005 | 20220926034713.0 | ||
| 006 | a|||||r|||| 00| 0 | ||
| 007 | ta | ||
| 008 | 220923b |||||||| |||| 00| 0 eng d | ||
| 020 |
_a9780470517697 _c2714.9899999999998 |
||
| 037 |
_b155, 11/09/2008, Bharatiya Sahitya Bhavana _cGeneral Book |
||
| 040 |
_aRTL _cRTL _beng |
||
| 041 |
_2eng _aeng |
||
| 082 | _aX:(B), P8 | ||
| 100 |
_aVerbeek Marno _9270526 |
||
| 245 | 0 | _aGuide to modern econometrics | |
| 250 | _a3 | ||
| 260 |
_aWest Sussex _bJohn Wiley & Sons _c2008 |
||
| 300 |
_axv, 472p _ccm. |
||
| 500 | _aBibliography : P. 437-49 | ||
| 650 | _aEconomics | ||
| 942 |
_hX:(B), P8 _cGB _2CC |
||
| 999 |
_c660151 _d660151 |
||